Harry Potter Character's names from A to Z - Statistics

General Stats
  • This quiz has been taken 114 times
  • The average score is 14 of 24
Answer Stats
LETTER HINT Answer % Correct
A Hannah Abbott
91%
D French girl who took a swim once Delacour
83%
C Photograph amateur Creevey
78%
O Stick seller with a great memory Ollivander
74%
H Not very competent flying instructor Hooch
71%
Q Wearer of a head piece given by an "African prince for getting rid of a troublesome zombie" Quirrell
70%
L Five times winner of Witch Weekly's Most Charming Smile Award Lockhart
67%
U Specist racist Ministry worker Umbridge
67%
B Muggle Studies Professor Burbage
66%
Y Blond Death Eater Yaxley
64%
K Bulgarian Death Eater, a snitch too Karkaroff
63%
Z Side-kick of Draco Malfoy Zabini
63%
F Squib member of the Order of the Phoenix Figg
62%
G Defeated in the 40s, Nazi sympathizer Grindelwald
59%
N Slytherin student in the same year as Harry Potter, son of a Death Eater Nott
53%
P Strict librarian Pince
48%
E Ravenclaw, betrayed Dumbledore's Army Edgecombe
45%
T Did an interview in a pub (she got the job) Trelawney
44%
V Arithmancy professor Vector
44%
M Clothing shop owner in Diagon Alley. Malkins
38%
J Killed to create Nagini as an horcrux Jorkins
34%
R Department of Mysteries worker, Death Eater Rookwood
30%
W Hangs out a lot in the bathroom Warren
28%
S He knows where to find them Scamander
15%
No matching quizzes found
Score Distribution
Percent of People with Each Score
Percentile by Number Answered
Your Score History
You have not taken this quiz